[Event "ZMDI Open 2014"]
[Site "Dresden GER"]
[Date "2014.08.17"]
[Round "3.29"]
[White "Hansch, Stephan"]
[Black "Peredy, Ferenc"]
[Result "0-1"]
[BlackTitle "IM"]
[WhiteElo "2044"]
[BlackElo "2210"]
[WhiteFideId "24692514"]
[BlackFideId "705985"]
[EventDate "2014.08.15"]

1. d4 f5 2. Nf3 Nf6 3. g3 g6 4. Bg2 Bg7 5. O-O O-O 6. b3 d6 7. Bb2 Qe8 8. d5 c6
9. c4 Na6 10. Nc3 Bd7 11. Nd4 Nc7 12. Qd2 Rb8 13. Rac1 c5 14. Nf3 a6 15. e4 Ng4
16. h3 Ne5 17. Nxe5 Bxe5 18. exf5 Bxf5 19. Ne4 Bxb2 20. Qxb2 Bxe4 21. Bxe4 b5
22. Qc2 Qf7 23. Rce1 Qg7 24. Bd3 Rf3 25. Qe2 Rbf8 26. cxb5 axb5 27. Be4 Rc3 28.
Bg2 Rf7 29. Qe4 b4 30. h4 Qf6 31. Qg4 Qf5 32. Qxf5 gxf5 33. Re3 Nb5 34. Rfe1 Kf8
35. f4 Rc1 36. Re2 Rc3 37. Re3 Rc2 38. R3e2 Rxe2 39. Rxe2 Nd4 40. Re1 Rg7 41.
Kf2 Kf7 42. Bf1 Rg8 43. Rd1 Ra8 44. Rd2 e5 45. fxe5 dxe5 46. Bc4 Kf6 47. g4 fxg4
48. Kg3 h5 49. Rf2+ Nf5+ 50. Kg2 e4 51. d6 Ke5 52. d7 Rd8 53. Bb5 Nxh4+ 54. Kh2
Nf3+ 55. Kg3 Nd4 56. Ba4 Nf5+ 57. Kg2 e3 0-1

[Event "ZMDI Open 2014"]
[Site "Dresden GER"]
[Date "2014.08.17"]
[Round "3.30"]
[White "Ivanov, Alexander"]
[Black "Reinemer, Frank"]
[Result "1/2-1/2"]
[WhiteElo "1951"]
[BlackElo "2203"]
[WhiteFideId "1270683"]
[BlackFideId "4610849"]
[EventDate "2014.08.15"]

1. e4 Nf6 2. e5 Nd5 3. c4 Nb6 4. d4 d6 5. exd6 cxd6 6. Nc3 g6 7. Be3 Bg7 8. Rc1
O-O 9. b3 Bf5 10. Bd3 Bxd3 11. Qxd3 Nc6 12. Nf3 e5 13. c5 Nc8 14. O-O f6 15. Ne2
h6 16. Qd2 Kh7 17. b4 a6 18. Rb1 N8e7 19. Ng3 Ra7 20. Qd3 Kh8 21. Qd2 Kh7 22.
Qd3 1/2-1/2

[Event "ZMDI Open 2014"]
[Site "Dresden GER"]
[Date "2014.08.17"]
[Round "3.31"]
[White "Grigorian, Spartak"]
[Black "Gehrmann, Ulrich"]
[Result "1-0"]
[WhiteElo "2183"]
[BlackElo "2052"]
[WhiteFideId "24661490"]
[BlackFideId "24653659"]
[EventDate "2014.08.15"]

1. d4 Nf6 2. c4 e6 3. Nc3 Bb4 4. e3 O-O 5. Bd3 d5 6. Nf3 dxc4 7. Bxc4 Nc6 8. O-O
Bd6 9. Bb5 e5 10. Bxc6 exd4 11. Ne4 bxc6 12. Nxd6 cxd6 13. Qxd4 c5 14. Qf4 Re8
15. Rd1 d5 16. h3 Ba6 17. b3 Re4 18. Qf5 Be2 19. Rd2 g6 20. Qg5 Bxf3 21. gxf3
Re6 22. Bb2 Qb6 23. Rad1 Rae8 24. Bxf6 Rxf6 25. Qxd5 Qc7 26. f4 Ra6 27. Qc4 Qc6
28. Rd7 Rf8 29. a4 Rb6 30. Qd5 Qxd5 31. R1xd5 Rxb3 32. Rxc5 a6 33. Rc6 a5 34.
Ra6 Rc8 35. Raa7 Rb1+ 36. Kg2 Rc2 37. Rxf7 Rbb2 38. Rg7+ Kf8 39. Rxh7 Kg8 40.
Rhg7+ Kh8 41. Rgb7 Rxf2+ 42. Kg3 Rg2+ 43. Kh4 Rxb7 44. Rxb7 Ra2 45. Kg5 Rxa4 46.
Kxg6 Rb4 47. Ra7 Rb6+ 48. Kf7 Rb5 49. e4 Rh5 50. Ra8+ Kh7 51. f5 Rxh3 52. Rxa5 1-0

[Event "ZMDI Open 2014"]
[Site "Dresden GER"]
[Date "2014.08.17"]
[Round "3.32"]
[White "Schnoor, Ekkehard"]
[Black "Bade, Hans-Juergen"]
[Result "1-0"]
[WhiteElo "2165"]
[BlackElo "2028"]
[WhiteFideId "24639753"]
[BlackFideId "24662054"]
[EventDate "2014.08.15"]

1. Nf3 Nf6 2. g3 b6 3. Bg2 Bb7 4. O-O e6 5. d3 d5 6. Nbd2 Be7 7. e4 O-O 8. e5
Nfd7 9. Re1 c5 10. h4 Nc6 11. Nf1 Re8 12. N1h2 f6 13. exf6 Bxf6 14. Ng4 a5 15.
a4 e5 16. c3 Qc7 17. Qb3 c4 18. dxc4 Nc5 19. Qa2 d4 20. Bd2 Qd7 21. Nxf6+ gxf6
22. cxd4 Nxd4 23. Nxd4 Bxg2 24. Kxg2 Qxd4 25. Bc3 Qg4 26. Re3 Red8 27. b3 Rd6
28. Qc2 e4 29. Kh2 Rad8 30. Rae1 f5 31. b4 Nd3 32. bxa5 Nxe1 33. Rxe1 bxa5 34.
Bxa5 Rd1 35. c5 Rxe1 36. Bxe1 Qd1 37. Qc4+ Qd5 38. Qb5 Qd3 39. c6 Qd6 40. Qxf5
Rf8 41. Qxe4 Rf7 42. Qc4 Qe5 43. Bc3 Qc7 44. f4 Qb6 45. Bd4 Qa5 46. Bc3 Qb6 47.
Bd4 Qa5 48. Be5 Qd2+ 49. Kh3 h5 50. c7 Qd7+ 51. Kg2 Qd2+ 52. Kf3 Qd1+ 53. Ke4
Qb1+ 54. Kd4 Qb6+ 55. Kc3 Qe3+ 56. Kb4 Qe1+ 57. Ka3 Qe3+ 58. Ka2 1-0

[Event "ZMDI Open 2014"]
[Site "Dresden GER"]
[Date "2014.08.17"]
[Round "3.33"]
[White "Nguyen, Huy Dat"]
[Black "Tennert, Simon"]
[Result "1/2-1/2"]
[WhiteElo "1909"]
[BlackElo "2153"]
[WhiteFideId "12923486"]
[BlackFideId "1270445"]
[EventDate "2014.08.15"]

1. d4 Nf6 2. c4 c5 3. d5 e6 4. Nc3 exd5 5. cxd5 d6 6. Nf3 g6 7. Qa4+ Bd7 8. Qb3
Qc7 9. e4 Bg7 10. Bf4 Nh5 11. Be3 O-O 12. Be2 Bg4 13. h3 Bxf3 14. Bxf3 f5 15.
Bxh5 gxh5 16. exf5 Rxf5 17. O-O Nd7 18. Rad1 Nf6 19. Qc4 1/2-1/2

[Event "ZMDI Open 2014"]
[Site "Dresden GER"]
[Date "2014.08.17"]
[Round "3.34"]
[White "Schwarz, Larissa"]
[Black "Hart, Martin"]
[Result "0-1"]
[WhiteElo "1933"]
[BlackElo "2155"]
[WhiteFideId "24699004"]
[BlackFideId "1005944"]
[EventDate "2014.08.15"]

1. e4 Nf6 2. e5 Nd5 3. c4 Nb6 4. d4 d6 5. exd6 cxd6 6. Nc3 g6 7. Be3 Bg7 8. Rc1
O-O 9. b3 Nc6 10. Be2 d5 11. c5 Nd7 12. Nxd5 Ndb8 13. Bf3 e6 14. Nc3 Nxd4 15.
Be4 f5 16. Bb1 Nbc6 17. Nf3 Nxf3+ 18. Qxf3 Qa5 19. Bd2 Qxc5 20. O-O Nd4 21. Qh3
Bd7 22. Bh6 Rac8 23. Bxg7 Kxg7 24. Qe3 f4 25. Qd2 f3 26. Rfd1 e5 27. g3 Bg4 28.
Bd3 Qb6 29. Re1 Ne2+ 30. Nxe2 fxe2 31. Qe3 Qxe3 32. fxe3 Rxc1 33. Rxc1 Rd8 34.
Bxe2 Bxe2 35. Rc7+ Kh6 36. Rxb7 a6 37. Re7 Rd5 38. e4 Ra5 39. a4 Bd3 0-1

[Event "ZMDI Open 2014"]
[Site "Dresden GER"]
[Date "2014.08.17"]
[Round "3.35"]
[White "Stabolewski, Andreas"]
[Black "Bassetti, Danilo"]
[Result "0-1"]
[WhiteElo "2181"]
[BlackElo "1965"]
[WhiteFideId "4617851"]
[BlackFideId "876623"]
[EventDate "2014.08.15"]

1. c4 Nf6 2. Nf3 c5 3. Nc3 Nc6 4. d4 cxd4 5. Nxd4 g6 6. e4 d6 7. Be2 Bg7 8. Be3
Bd7 9. O-O O-O 10. Qd2 a6 11. f3 Re8 12. Rfd1 Qc7 13. Rac1 Rac8 14. Nd5 Qb8 15.
Nb6 Rcd8 16. b4 Nxd4 17. Bxd4 Be6 18. Qb2 Bh6 19. Rc3 Nd7 20. Nd5 Bxd5 21. exd5
Bg7 22. Bxg7 Kxg7 23. c5 Kg8 24. c6 Nf6 25. c7 Qa7+ 26. Kf1 Rc8 27. Qd2 Qb6 28.
Qd4 Qxd4 29. Rxd4 Ra8 30. a4 Rec8 31. f4 Ra7 32. a5 Ne8 33. Rdc4 Nf6 34. Bf3 Nd7
35. Kf2 f5 36. g4 Nf6 37. g5 Nd7 38. Rc1 Kf7 39. R4c2 b6 40. Rc6 bxa5 41. Be2
axb4 42. Bxa6 Rxa6 43. Rxa6 Nc5 44. Rxc5 dxc5 45. Rc6 Ke8 46. Rxc5 Kd7 47. Rb5
Rxc7 48. Rxb4 Kd6 49. Rb3 Kxd5 50. Re3 e6 51. Kf3 Rc4 52. Re5+ Kd6 53. Ra5 Rc3+
54. Kf2 Rc5 55. Ra7 Kd5 56. Rxh7 Ke4 57. Rh6 Kxf4 58. Rxg6 Rc2+ 59. Ke1 e5 60.
h4 Ke3 61. Kf1 f4 62. Re6 e4 63. Kg1 Kf3 64. g6 Rg2+ 65. Kh1 Rg4 66. Ra6 e3 67.
h5 e2 68. Ra3+ Kf2 0-1

[Event "ZMDI Open 2014"]
[Site "Dresden GER"]
[Date "2014.08.17"]
[Round "3.36"]
[White "Mager, Denis"]
[Black "Pallas, Sebastian"]
[Result "1-0"]
[WhiteElo "2152"]
[BlackElo "2026"]
[WhiteFideId "24691127"]
[BlackFideId "12905453"]
[EventDate "2014.08.15"]

1. d4 Nf6 2. c4 g6 3. Nc3 d5 4. cxd5 Nxd5 5. Bd2 Nb6 6. Bg5 Bg7 7. e3 O-O 8. Be2
Be6 9. Nf3 Nc6 10. O-O Rc8 11. Ne4 Bc4 12. Nc5 Rb8 13. Rc1 Bxe2 14. Qxe2 Nd7 15.
Nxb7 Rxb7 16. Rxc6 Nf6 17. Bxf6 exf6 18. Rfc1 Qe7 19. b3 f5 20. Qa6 Rfb8 21. Qc4
Qa3 22. Rxc7 1-0

[Event "ZMDI Open 2014"]
[Site "Dresden GER"]
[Date "2014.08.17"]
[Round "3.37"]
[White "Wilhelm, Till"]
[Black "Knaak, Joachim"]
[Result "0-1"]
[WhiteElo "2013"]
[BlackElo "2150"]
[WhiteFideId "12942391"]
[BlackFideId "12921009"]
[EventDate "2014.08.15"]

1. d4 d5 2. Bf4 c6 3. e3 e6 4. Bd3 Bd6 5. Bg3 Qc7 6. f4 f5 7. Bh4 Nd7 8. Nf3
Ngf6 9. O-O O-O 10. Nbd2 c5 11. c3 c4 12. Bc2 b5 13. a3 a5 14. Ne5 Rb8 15. Ndf3
Qb6 16. Ng5 Be7 17. h3 Ne4 18. Bxe4 dxe4 19. Nxh7 Bxh4 20. Nxf8 Nxe5 21. fxe5
Kxf8 22. Qh5 Be7 23. Qh8+ Kf7 24. Qh5+ Kg8 25. Qe8+ Bf8 26. Rf4 Qc7 27. h4 Qf7
28. Qxf7+ Kxf7 29. g4 Be7 30. gxf5 exf5 31. Re1 Be6 32. Kg2 Rh8 33. Rd1 Rd8 34.
Re1 g6 35. Kg3 Rh8 36. Re2 Rh7 37. Rh2 g5 38. Rff2 gxh4+ 39. Kg2 Rg7+ 40. Kf1
Rg3 41. Re2 Bg5 42. Ke1 Bxe3 0-1

[Event "ZMDI Open 2014"]
[Site "Dresden GER"]
[Date "2014.08.17"]
[Round "3.38"]
[White "Kuechle, Wolfgang"]
[Black "Hamm, Georg"]
[Result "1/2-1/2"]
[WhiteElo "2048"]
[BlackElo "2139"]
[WhiteFideId "24628581"]
[BlackFideId "4698460"]
[EventDate "2014.08.15"]

1. c4 g6 2. g3 Bg7 3. Bg2 Nc6 4. e3 e5 5. Ne2 d6 6. Nbc3 Nf6 7. d3 O-O 8. O-O
Bd7 9. Rb1 Qc8 10. Re1 Bh3 11. Bh1 Bg4 12. b4 Rb8 13. b5 Nd8 14. Qb3 Ne6 15. f3
Nc5 16. Qc2 Bd7 17. e4 Re8 18. Be3 h6 19. Rb2 Be6 20. Reb1 Nh7 21. Na4 Nxa4 22.
Qxa4 f5 23. Qc2 Ra8 24. Nc3 f4 25. gxf4 exf4 26. Bxf4 Bd4+ 27. Kf1 Qd8 28. Rb3
Qf6 29. Ne2 Be5 30. Qd2 Bh3+ 31. Ke1 Ng5 32. Bxe5 dxe5 33. f4 Nf7 34. Qe3 Be6
35. Kd2 Rad8 36. Kc2 Kh7 37. Bg2 Bg4 38. fxe5 Nxe5 39. Nf4 Qh4 40. Qg3 Qxg3 41.
hxg3 g5 42. Nd5 Rf8 43. R1b2 Be2 44. Kd2 Bxd3 45. Rxd3 Nxc4+ 46. Kc3 Nxb2 47.
Kxb2 c6 48. bxc6 bxc6 49. Kc3 cxd5 50. exd5 Rd6 51. Kd4 Kg7 52. Ke5 Rff6 53. Rc3
Ra6 54. Be4 Kf8 55. Bf5 Ke7 56. Rc7+ Ke8 57. Be6 Rf1 58. Rh7 Re1+ 59. Kf6 Rf1+
60. Ke5 Re1+ 1/2-1/2

[Event "ZMDI Open 2014"]
[Site "Dresden GER"]
[Date "2014.08.17"]
[Round "3.39"]
[White "Hahn, Florian"]
[Black "Pererva, Viktor"]
[Result "1-0"]
[WhiteElo "2133"]
[BlackElo "2053"]
[WhiteFideId "24659720"]
[BlackFideId "24696463"]
[EventDate "2014.08.15"]

1. c4 e5 2. e3 Nf6 3. Nc3 Nc6 4. a3 d5 5. cxd5 Nxd5 6. Qc2 Nxc3 7. Qxc3 Be6 8.
b4 a6 9. Bb2 Qd5 10. Rc1 Qb3 11. Qxb3 Bxb3 12. Nf3 Bd6 13. Bc4 Bxc4 14. Rxc4 O-O
15. Ke2 Rfe8 16. d3 Rad8 17. Nd2 a5 18. b5 Na7 19. a4 c6 20. bxc6 Nxc6 21. Nb3
Bb4 22. Bc3 f6 23. Bxb4 axb4 24. Nc5 Re7 25. Rb1 Ra8 26. g4 Rc7 27. Rbc1 Re7 28.
h4 Kf7 29. h5 Ra5 30. Kf3 b5 31. axb5 Rxb5 32. Ne4 Rd5 33. Rxc6 Rxd3 34. Nd6+ 1-0

[Event "ZMDI Open 2014"]
[Site "Dresden GER"]
[Date "2014.08.17"]
[Round "3.40"]
[White "ter Steeg, Marcus"]
[Black "Humburg, Philipp"]
[Result "1-0"]
[WhiteElo "1977"]
[BlackElo "2087"]
[WhiteFideId "24676799"]
[BlackFideId "24656151"]
[EventDate "2014.08.15"]

1. d4 Nf6 2. c4 g6 3. Nc3 Bg7 4. e4 d6 5. Nf3 O-O 6. Be2 e5 7. O-O Nc6 8. d5 Ne7
9. b4 c6 10. Qb3 a5 11. Rd1 axb4 12. Qxb4 c5 13. Qb3 Nh5 14. Ne1 f5 15. f3 f4
16. Na4 Ra6 17. Rb1 Bd7 18. Nb6 Be8 19. Bd2 g5 20. a4 Rf7 21. a5 Ng6 22. Nd3 Nf6
23. Na4 g4 24. Naxc5 dxc5 25. Nxc5 gxf3 26. Bxf3 Ra7 27. Qb6 Qxb6 28. axb6 Ra2
29. Ne6 Nf8 30. Bb4 N8d7 31. c5 Nb8 32. Ra1 Rxa1 33. Rxa1 Na6 34. Rxa6 bxa6 35.
c6 Nd7 36. b7 Nb8 37. Bh5 Rxb7 38. cxb7 Bxh5 39. Bd6 Nd7 40. Nc5 Bf8 41. Bxf8 1-0

[Event "ZMDI Open 2014"]
[Site "Dresden GER"]
[Date "2014.08.17"]
[Round "3.41"]
[White "Hoffmann, Tim2"]
[Black "Oehl, Tim"]
[Result "0-1"]
[WhiteElo "1961"]
[BlackElo "2120"]
[WhiteFideId "12900338"]
[BlackFideId "12920967"]
[EventDate "2014.08.15"]

1. e4 e6 2. d4 d5 3. Nd2 Nf6 4. e5 Nfd7 5. Bd3 c5 6. c3 Nc6 7. Ne2 cxd4 8. cxd4
f6 9. exf6 Nxf6 10. Nf3 Bd6 11. O-O Qc7 12. h3 O-O 13. Be3 a6 14. Rc1 Nh5 15.
Qc2 Nf6 16. a3 Bd7 17. Nc3 h6 18. Rfe1 g5 19. Qd2 Nh5 20. Bxg5 Rxf3 21. gxf3 Bf4
22. Bxf4 Qxf4 23. Rcd1 Qf6 24. Kh2 Kh8 25. Ne2 e5 26. dxe5 Nxe5 27. Nd4 Nf4 28.
Bf1 Bxh3 29. Rxe5 Bxf1 30. Nf5 Qxe5 31. Qd4 Qxd4 32. Rxd4 Rf8 33. Ne7 Kg7 34.
Nxd5 Nxd5 35. Rxd5 Bb5 36. Kg3 Bc6 37. Rd3 Kg6 38. f4 Kf5 0-1

[Event "ZMDI Open 2014"]
[Site "Dresden GER"]
[Date "2014.08.17"]
[Round "3.42"]
[White "Weber, Benedikt"]
[Black "Eskandary, Jahja"]
[Result "0-1"]
[WhiteElo "1947"]
[BlackElo "2116"]
[WhiteFideId "12934976"]
[BlackFideId "4665708"]
[EventDate "2014.08.15"]

1. e4 e5 2. Nf3 Nc6 3. Bb5 a6 4. Ba4 d6 5. c3 f5 6. exf5 Bxf5 7. O-O Bd3 8. Re1
Be7 9. Qb3 b5 10. Qd5 Qd7 11. Qxd3 bxa4 12. Qc2 Nf6 13. d3 Nd8 14. Bg5 Ne6 15.
Bxf6 gxf6 16. Nbd2 Nf4 17. Kh1 Rg8 18. g3 Nh3 19. Re2 Qc6 20. d4 Ng5 21. Qd3 Rb8
22. d5 Qb5 23. c4 Qd7 24. Nxg5 Rxg5 25. Nf3 Rh5 26. Nh4 Qh3 27. Qd1 Kd8 28. Re4
Rg5 29. Qxa4 f5 30. Re2 Rh5 31. Qc2 Bxh4 32. gxh4 Rxh4 33. f4 Qf3+ 34. Rg2 Rxf4
35. b3 Ke7 36. Kg1 Rg4 37. Rf1 Rxg2+ 38. Qxg2 Qxg2+ 39. Kxg2 Rg8+ 40. Kf3 Kf6
41. h3 f4 0-1

[Event "ZMDI Open 2014"]
[Site "Dresden GER"]
[Date "2014.08.17"]
[Round "3.43"]
[White "Martinsen, Stig K"]
[Black "Urban, Konstantin"]
[Result "1-0"]
[WhiteElo "2105"]
[BlackElo "1931"]
[WhiteFideId "1502824"]
[BlackFideId "12927511"]
[EventDate "2014.08.15"]

1. d4 Nf6 2. c4 g6 3. Nc3 Bg7 4. e4 d6 5. f3 O-O 6. Bg5 c5 7. d5 e6 8. Qd2 exd5
9. cxd5 Re8 10. Nge2 Nbd7 11. Ng3 a6 12. a4 Qa5 13. Be2 b5 14. O-O b4 15. Nd1
Nb6 16. Nf2 Ra7 17. b3 h5 18. Rab1 Rc7 19. Rfc1 Nfd7 20. Bf4 Ne5 21. Be3 Bb7 22.
f4 Ned7 23. Bf3 Bc3 24. Qd3 c4 25. bxc4 Nxc4 26. Nd1 Nxe3 27. Qxe3 Bxd5 28. Nxc3
Rxc3 29. Qd4 Ba2 30. Rxc3 bxc3 31. Rc1 Rc8 32. Qxd6 Qxa4 33. f5 Nf8 34. e5 Qc4
35. Ne4 c2 36. fxg6 fxg6 37. Nf6+ Kh8 38. Qd2 Kg7 39. Qg5 Qd4+ 40. Kh1 Kf7 41.
Nxh5 Nd7 42. Rf1 Qxe5 43. Bg4+ Kg8 44. Qxg6+ Kh8 45. Bf5 Qe7 46. Qh6+ Kg8 47.
Qg6+ Kh8 48. Bxc2 Bg8 49. h3 Bh7 50. Qxh7+ Qxh7 51. Bxh7 Kxh7 52. Rf7+ Kg6 53.
Rxd7 Kxh5 54. Rd5+ Kh4 55. Ra5 Kg3 56. Ra3+ Kf2 57. Rxa6 Kg3 58. Ra3+ Kh4 59.
Ra4+ Kh5 60. Kh2 Rc3 61. Ra5+ Kg6 62. h4 Kh6 63. g3 Kg6 64. Kh3 Rb3 65. Ra4 Kh5
66. Rf4 Ra3 67. Rf5+ Kg6 68. Rb5 Ra4 69. Rb6+ Kg7 70. h5 Kh7 71. g4 Kg7 72. Kh4
Rc4 73. h6+ Kh7 74. Kh5 Rc5+ 75. g5 Ra5 76. Re6 Rb5 77. Re7+ Kh8 78. Kg6 Rb6+
79. Kf5 Rb1 80. Kf6 Rf1+ 81. Kg6 Rf8 82. Re5 Ra8 83. Kh5 1-0

[Event "ZMDI Open 2014"]
[Site "Dresden GER"]
[Date "2014.08.17"]
[Round "3.44"]
[White "Namyslo, Holger"]
[Black "Rudolf, Thomas"]
[Result "1-0"]
[WhiteTitle "FM"]
[WhiteElo "2211"]
[BlackElo "2080"]
[WhiteFideId "4607430"]
[BlackFideId "24674559"]
[EventDate "2014.08.15"]

1. e4 c6 2. d4 d5 3. e5 Bf5 4. Bd3 Bxd3 5. Qxd3 e6 6. Ne2 c5 7. c3 Qb6 8. O-O
Nc6 9. a3 cxd4 10. cxd4 Nge7 11. Nbc3 Nf5 12. Nxd5 Qd8 13. Ndc3 Nfxd4 14. Bf4
Nb3 15. Rad1 a6 16. Qc2 Qb6 17. Be3 Bc5 18. Na4 Qb5 19. Nxc5 Nxc5 20. Bxc5 1-0

[Event "ZMDI Open 2014"]
[Site "Dresden GER"]
[Date "2014.08.17"]
[Round "3.45"]
[White "Renger, Niklas"]
[Black "Schoenwaelder, Bernd"]
[Result "1-0"]
[WhiteElo "1821"]
[BlackElo "2101"]
[WhiteFideId "12908096"]
[BlackFideId "24601322"]
[EventDate "2014.08.15"]

1. e4 e6 2. d4 b6 3. Nf3 Bb7 4. Bd3 Nf6 5. Qe2 Be7 6. O-O c5 7. c3 Nc6 8. a3 a5
9. Re1 d5 10. exd5 Qxd5 11. c4 Qh5 12. Nc3 Nxd4 13. Nxd4 cxd4 14. Qxh5 Nxh5 15.
Nb5 O-O-O 16. Be2 Nf6 17. Bf4 Rd7 18. Red1 Bc5 19. b4 axb4 20. axb4 Bxb4 21. Ra7
d3 22. Rxd3 Rxd3 23. Bxd3 Rd8 24. Be2 Ne8 25. h3 Nd6 26. Bf3 Bxf3 27. Rc7+ Kb8
28. gxf3 Nxb5 29. cxb5 Rf8 30. Rc4+ 1-0

[Event "ZMDI Open 2014"]
[Site "Dresden GER"]
[Date "2014.08.17"]
[Round "3.46"]
[White "Gungl, Theo"]
[Black "Naegele, Hans-Juergen"]
[Result "1-0"]
[WhiteElo "2054"]
[BlackElo "1901"]
[WhiteFideId "24695653"]
[BlackFideId "24655457"]
[EventDate "2014.08.15"]

1. e4 g6 2. d4 Bg7 3. Nf3 d6 4. c3 Nd7 5. Bc4 e6 6. O-O Ne7 7. Bf4 h6 8. h3 a6
9. Nbd2 b6 10. Re1 Bb7 11. Qe2 g5 12. Bh2 Ng6 13. Nf1 h5 14. N3d2 g4 15. hxg4
hxg4 16. Qxg4 Rh4 17. Qe2 Nf6 18. Bg3 Rh8 19. f4 Nh5 20. f5 Nxg3 21. Nxg3 Qh4
22. fxg6 Qxg3 23. gxf7+ Ke7 24. Qf3 Qh2+ 25. Kf2 Raf8 26. Rh1 Qxh1 27. Rxh1 Rxh1
28. Qg4 Rxf7+ 29. Nf3 d5 30. Bd3 c5 31. e5 Bh6 32. Qg8 Rf8 33. Qh7+ Rf7 34. Qg8
Rf8 35. Qg6 c4 36. Bf1 Bc6 37. Qc2 Be8 38. b3 b5 39. bxc4 bxc4 40. Qb1 Rf5 41.
g4 Rf4 42. Kg3 a5 43. Qb7+ Kf8 44. Bg2 Rf7 45. Qb2 Bf4+ 46. Kf2 Rh2 47. Qc2 Bg5
48. Kg1 Rxf3 49. Kxh2 Bf4+ 50. Kh1 Rxc3 51. Qf2 Rc1+ 52. Bf1 1-0

[Event "ZMDI Open 2014"]
[Site "Dresden GER"]
[Date "2014.08.17"]
[Round "3.47"]
[White "Sand, Rolf"]
[Black "Roos, Kseniya"]
[Result "0-1"]
[BlackTitle "WIM"]
[WhiteElo "1958"]
[BlackElo "2272"]
[WhiteFideId "4610334"]
[BlackFideId "4131428"]
[EventDate "2014.08.15"]

1. c4 c5 2. g3 Nc6 3. Bg2 d6 4. Nc3 g6 5. Nf3 Bg7 6. O-O e5 7. a3 Nge7 8. Rb1 a5
9. Ne1 O-O 10. Nc2 f5 11. Ne3 f4 12. Ned5 fxg3 13. fxg3 Bg4 14. h3 Be6 15. Rxf8+
Bxf8 16. d3 Nf5 17. Kh2 Kg7 18. Bd2 Rb8 19. b4 axb4 20. axb4 cxb4 21. Nxb4 Nxb4
22. Rxb4 d5 23. Rb1 dxc4 24. dxc4 Qd4 25. Be1 Bxc4 26. Rxb7+ Rxb7 27. Bxb7 Bb4
28. Qc1 Bc5 29. Bd2 Qf2+ 30. Bg2 Qxg3+ 31. Kh1 Ne3 32. Bxe3 Bxe3 33. Ne4 Qxg2+ 0-1

[Event "ZMDI Open 2014"]
[Site "Dresden GER"]
[Date "2014.08.17"]
[Round "3.48"]
[White "Friedel, Marcus"]
[Black "Mokal, Amruta Sunil"]
[Result "0-1"]
[WhiteElo "2148"]
[BlackElo "2056"]
[WhiteFideId "4688708"]
[BlackFideId "5016371"]
[EventDate "2014.08.15"]

1. e4 c5 2. c3 Nf6 3. e5 Nd5 4. d4 cxd4 5. Nf3 e6 6. cxd4 d6 7. Bc4 Be7 8. O-O
O-O 9. a3 Nc6 10. Re1 Bd7 11. Qd3 Rc8 12. Bd2 Na5 13. Ba2 b5 14. Nc3 Nc4 15.
Nxd5 exd5 16. Bc3 g6 17. Rac1 Bf5 18. Qe2 Re8 19. h3 h5 20. Bb4 dxe5 21. Bxe7
Rxe7 22. dxe5 Be4 23. Bxc4 bxc4 24. Qe3 Qb6 25. Qxb6 axb6 26. Nd4 g5 27. f3 Bd3
28. g3 Rce8 29. f4 h4 30. Kf2 hxg3+ 31. Kxg3 Be4 32. Nc6 Re6 33. Nd4 gxf4+ 34.
Kxf4 Rxe5 35. h4 Kh7 36. Re3 Rh5 37. Rh3 Rg8 38. Nf3 Rg2 39. Ng5+ Rgxg5 0-1

[Event "ZMDI Open 2014"]
[Site "Dresden GER"]
[Date "2014.08.17"]
[Round "3.49"]
[White "Schellmann, Frank"]
[Black "Herbrig, Alexander"]
[Result "1/2-1/2"]
[WhiteTitle "CM"]
[WhiteElo "2090"]
[BlackElo "1880"]
[WhiteFideId "4669916"]
[BlackFideId "12952044"]
[EventDate "2014.08.15"]

1. e4 c5 2. Nf3 e6 3. c3 Nf6 4. e5 Nd5 5. d4 cxd4 6. cxd4 Nc6 7. Bc4 d6 8. O-O
Be7 9. Qe2 O-O 10. Re1 dxe5 11. dxe5 Qc7 12. Nc3 Nxc3 13. bxc3 Bd7 14. Bd3 Rfd8
15. Qe4 g6 16. Bg5 Bxg5 17. Nxg5 Qxe5 18. Qh4 Qg7 19. Re3 h5 20. Ne4 Be8 21. Rb1
Rab8 22. Rg3 Qh6 23. Be2 Kf8 24. Qf6 Qg7 25. Qf4 Qe5 26. Qe3 Ne7 27. f4 Qh8 28.
Qxa7 Bc6 29. Bf3 Ra8 30. Qb6 Qh6 31. Rg5 Rd5 32. c4 Rxg5 33. fxg5 Qh8 34. Nf6
Kg7 35. Bxc6 Nxc6 36. Qb2 e5 37. Rd1 Qf8 38. Qf2 Qe7 39. Ne4 Rd8 40. Rxd8 Qxd8
41. Qf6+ Kg8 42. Qxd8+ Nxd8 43. Nf6+ Kf8 44. Nd7+ Ke7 45. Nxe5 Ke6 46. Nf3 Kf5
47. Kf2 Ke4 48. Ke2 Ne6 49. Kd2 Nf4 50. Kc3 Nxg2 51. Nd4 Nf4 52. Nb5 Ke5 53. c5
Kd5 54. Nd6 b6 55. Nxf7 Kxc5 56. Ne5 1/2-1/2

[Event "ZMDI Open 2014"]
[Site "Dresden GER"]
[Date "2014.08.17"]
[Round "3.50"]
[White "Riegler, Dieter"]
[Black "Turikov, Viktor"]
[Result "0-1"]
[BlackTitle "FM"]
[WhiteElo "2085"]
[BlackElo "2256"]
[WhiteFideId "4606426"]
[BlackFideId "4107810"]
[EventDate "2014.08.15"]

1. d4 b6 2. Nf3 Bb7 3. g3 e6 4. Bg2 f5 5. O-O Nf6 6. c4 c5 7. Nc3 cxd4 8. Nxd4
Bxg2 9. Kxg2 Qc8 10. Bg5 Be7 11. Rc1 a6 12. Qb3 Nc6 13. Nxc6 Qxc6+ 14. f3 O-O
15. Rfd1 Rfc8 16. Qa4 Qxc4 17. Qxc4 Rxc4 18. Bxf6 Bxf6 19. Rxd7 b5 20. a3 a5 21.
Ra1 Rb8 22. Ra7 Bd4 23. Rxa5 Rxc3 0-1

[Event "ZMDI Open 2014"]
[Site "Dresden GER"]
[Date "2014.08.17"]
[Round "3.51"]
[White "Schmalhorst, Sophia"]
[Black "Budzyn, Matthias"]
[Result "1/2-1/2"]
[WhiteElo "1943"]
[BlackElo "2145"]
[WhiteFideId "24682497"]
[BlackFideId "24600636"]
[EventDate "2014.08.15"]

1. e4 e5 2. Nf3 Nc6 3. Bc4 Nf6 4. d3 Be7 5. c3 O-O 6. Bb3 d5 7. Qe2 d4 8. Nbd2
b5 9. O-O Nh5 10. Nb1 dxc3 11. bxc3 Nf6 12. h3 h6 13. Rd1 b4 14. Ba4 Bd7 15.
Bxc6 Bxc6 16. Nxe5 Ba4 17. Re1 Nd7 18. Nxd7 Qxd7 19. Bb2 Bf6 20. cxb4 Bxb2 21.
Qxb2 Qxd3 22. Nc3 Bc6 23. Rad1 Qc4 24. Nd5 Bxd5 25. Rxd5 Rab8 26. a3 Rfd8 27.
Qc1 Qa2 28. Qxc7 Rdc8 29. Qg3 Re8 30. Red1 Qe2 31. Qd3 Qxd3 32. R1xd3 Rxe4 33.
Rd8+ Re8 34. R8d7 a5 35. bxa5 Ra8 36. R3d5 g6 37. Rb7 Kg7 38. Rdd7 Rf8 39. Rd5
Rfc8 40. Rdd7 Rf8 41. Ra7 Rxa7 42. Rxa7 Rb8 43. a6 Rb1+ 44. Kh2 Rb3 45. Ra8 Rxa3
46. a7 h5 47. g3 Kf6 48. Kg2 Kg7 49. g4 hxg4 50. hxg4 Ra4 51. Kg3 Ra3+ 52. f3 g5
53. Kf2 f6 54. Ke2 Ra2+ 55. Kd3 Ra1 56. Ke4 Re1+ 57. Kd5 Ra1 58. Ke6 Re1+ 59.
Kd6 Rd1+ 60. Kc6 Rc1+ 61. Kd6 1/2-1/2